Clima extremo / (Record no. 180210)

MARC details
000 -CABECERA
campo de control de longitud fija 00769nam a2200229 u 4500
005 - FECHA Y HORA DE LA ÚLTIMA TRANSACCIÓN
campo de control 20240528063652.0
008 - ELEMENTOS DE LONGITUD FIJA--INFORMACIÓN GENERAL
campo de control de longitud fija 160210s2009 r 000 0 eng d
020 ## - NÚMERO INTERNACIONAL NORMALIZADO PARA LIBROS
Número Internacional Estándar del Libro 9786074040562
035 ## - NÚMERO DE CONTROL DEL SISTEMA
Número de control de sistema UPN01000208109
049 ## - COLECCIÓN
Colección I
050 #4 - SIGNATURA TOPOGRÁFICA DE LA BIBLIOTECA DEL CONGRESO
Número de clasificación QC981.3
Número de documento/Ítem M6.2
100 1# - ASIENTO PRINCIPAL--NOMBRE PERSONAL
Nombre de persona Mogil, H. Michael
9 (RLIN) 38409
245 10 - MENCIÓN DE TÍTULO
Título Clima extremo /
Mención de responsabilidad, etc. H. Michael Mogil, Barbara G. Levine ; Christer Eriksson ; tr. de Adriana de la Torre Fernández.
260 ## - PUBLICACIÓN, DISTRIBUCIÓN, ETC.
Lugar de publicación, distribución, etc. México :
Nombre del editor, distribuidor, etc. Silver Dolphin,
Fecha de publicación, distribución, etc. 2009.
300 ## - DESCRIPCIÓN FÍSICA
Extensión 64 p. :
Otras características físicas il.
440 #0 - MENCIÓN DE SERIE/ASIENTO SECUNDARIO--TÍTULO
Título Clima extremo
534 ## - NOTA SOBRE LA VERSIÓN ORIGINAL
Frase introductoria Título original :
Mención de título del original Insiders extreme weather
650 #4 - ASIENTO SECUNDARIO DE MATERIA - TERMINO TEMATICO
Término de materia o nombre geográfico como elemento de entrada CLIMA -
Subdivisión de forma LITERATURA JUVENIL
9 (RLIN) 12491
650 #4 - ASIENTO SECUNDARIO DE MATERIA - TERMINO TEMATICO
Término de materia o nombre geográfico como elemento de entrada Climatología
Subdivisión de forma Literatura infantil
9 (RLIN) 11159
700 1# - ASIENTO SECUNDARIO--NOMBRE DE PERSONAL
Nombre de persona Levine, Barbara G.,
Término indicativo de función/relación coaut.
905 ## - TIPO DE MATERIAL
Tipo de material Infantil
Holdings
Estado de retiro Estado de pérdida Fuente del sistema de clasificación o colocación Estado dañado No para préstamo Código de colección Localización permanente Ubicación/localización actual Ubicación en estantería Fecha de adquisición Total de préstamos Clasificación Código de barras Fecha visto por última vez Número de copia Tipo de ítem Koha
    Library of Congress Classification     Infantil Bib. Gregorio Torres Quintero Bib. Gregorio Torres Quintero Sala infantil Planta baja 10/05/2023 1 QC981.3 M6.2 309171 31/12/2020 1 Libro